[Event "Open de Rouen 2009"]
[Site "Rouen"]
[Date "2009.12.21"]
[Round "4.5"]
[White "Bergez, Luc"]
[Black "Milchev, Nikolay"]
[Result "1/2-1/2"]
[WhiteElo "2382"]
[BlackElo "2361"]
[PlyCount "88"]
[EventDate "2009.12.??"]
[EventType "swiss"]
[EventRounds "7"]
[EventCountry "FRA"]

1. d4 Nf6 2. c4 g6 3. Nc3 Bg7 4. e4 d6 5. f4 O-O 6. Nf3 c5 7. d5 b5 8. cxb5 a6
9. a4 axb5 10. Bxb5 Ba6 11. Bd2 Qb6 12. O-O Ne8 13. Qe1 Nc7 14. Qh4 Bxb5 15.
axb5 Rxa1 16. Rxa1 Nxb5 17. Nxb5 Qxb5 18. Qxe7 Bxb2 19. Re1 Qd7 20. Qh4 Na6 21.
Ng5 f6 22. Ne6 Rc8 23. Rb1 Qb5 24. Qxf6 Bd4+ 25. Nxd4 Qxb1+ 26. Kf2 Rf8 27.
Qe6+ Rf7 28. Nf3 Qd3 29. f5 Nc7 30. Qc8+ Kg7 31. f6+ Rxf6 32. Qxc7+ Kg8 33. Bh6
Qd4+ 34. Kg3 Rxf3+ 35. Kxf3 Qd1+ 36. Kg3 Qd3+ 37. Kf2 Qc2+ 38. Kg3 Qd3+ 39. Kg4
Qe2+ 40. Kh3 Qh5+ 41. Kg3 Qxh6 42. Qc8+ Kg7 43. Qd7+ Kg8 44. Qe6+ Kg7 1/2-1/2

[Event "Open de Rouen 2009"]
[Site "Rouen"]
[Date "2009.12.21"]
[Round "4.6"]
[White "Tirard, Hugo"]
[Black "Delaruelle, Christian"]
[Result "1-0"]
[WhiteElo "2444"]
[BlackElo "1885"]
[PlyCount "39"]
[EventDate "2009.12.??"]
[EventType "swiss"]
[EventRounds "7"]
[EventCountry "FRA"]

1. e4 e5 2. Nf3 Nc6 3. Bb5 f5 4. Nc3 fxe4 5. Nxe4 d5 6. Nxe5 dxe4 7. Nxc6 Qg5
8. Qe2 Nf6 9. f4 Qxf4 10. Ne5+ c6 11. d4 Qh4+ 12. g3 Qh3 13. Bc4 Be6 14. Bg5
O-O-O 15. O-O-O Bd6 16. Qf1 Bxe5 17. Qxh3 Bxh3 18. dxe5 h6 19. exf6 hxg5 20.
fxg7 1-0

[Event "Open de Rouen 2009"]
[Site "Rouen"]
[Date "2009.12.21"]
[Round "4.8"]
[White "Andrieu, Philippe"]
[Black "Colin, Vincent"]
[Result "0-1"]
[WhiteElo "1970"]
[BlackElo "2441"]
[PlyCount "78"]
[EventDate "2009.12.??"]
[EventType "swiss"]
[EventRounds "7"]
[EventCountry "FRA"]

1. d4 Nf6 2. Bg5 d5 3. e3 Ne4 4. Bh4 Qd6 5. Nd2 Qh6 6. Nxe4 Qxh4 7. Nc3 c6 8.
Nf3 Qh6 9. Be2 Nd7 10. O-O e6 11. e4 Bb4 12. e5 O-O 13. a3 Ba5 14. b4 Bc7 15.
Qd2 Qxd2 16. Nxd2 f6 17. exf6 Rxf6 18. Nf3 e5 19. dxe5 Nxe5 20. Rad1 Nxf3+ 21.
Bxf3 Bf5 22. Rfe1 Kf8 23. Rd2 Re8 24. Rxe8+ Kxe8 25. Re2+ Kd7 26. a4 a5 27. b5
Re6 28. bxc6+ bxc6 29. Rxe6 Kxe6 30. Ne2 Be5 31. c3 Bc2 32. Bg4+ Kd6 33. f4 Bf6
34. h3 Bxa4 35. Bf5 g6 36. Bb1 Bb5 37. Nd4 Bxd4+ 38. cxd4 a4 39. g4 a3 0-1

[Event "Open de Rouen 2009"]
[Site "Rouen"]
[Date "2009.12.21"]
[Round "4.9"]
[White "Shirazi, Kamran "]
[Black "Pinchon, Henri"]
[Result "1-0"]
[WhiteElo "2433"]
[BlackElo "1948"]
[PlyCount "37"]
[EventDate "2009.12.??"]
[EventType "swiss"]
[EventRounds "7"]
[EventCountry "FRA"]

1. e4 c5 2. Nf3 e6 3. d4 cxd4 4. c3 d3 5. Bxd3 Ne7 6. Bg5 h6 7. Bh4 Qa5 8. Nbd2
Ng6 9. Nc4 Qc5 10. b4 Qc7 11. Bg3 d6 12. O-O Be7 13. e5 d5 14. Nd6+ Kf8 15. c4
Nxe5 16. Nxf7 dxc4 17. N3xe5 Ke8 18. Nxh8 cxd3 19. Qh5+ 1-0

[Event "Open de Rouen 2009"]
[Site "Rouen"]
[Date "2009.12.21"]
[Round "4.10"]
[White "Douyere, Joel"]
[Black "Medghoul, Sherif"]
[Result "0-1"]
[WhiteElo "1730"]
[BlackElo "2232"]
[PlyCount "56"]
[EventDate "2009.12.??"]
[EventType "swiss"]
[EventRounds "7"]
[EventCountry "FRA"]

1. d4 d5 2. c4 e6 3. Nc3 Nf6 4. Bg5 Bb4 5. a3 Bxc3+ 6. bxc3 h6 7. Bh4 c5 8. Nf3
Qa5 9. Bxf6 Qxc3+ 10. Nd2 gxf6 11. cxd5 Qxd4 12. dxe6 Bxe6 13. e3 Qb2 14. Rb1
Qxa3 15. Qf3 Nd7 16. Bb5 Qc3 17. Qxb7 Rd8 18. Qe4 O-O 19. Rd1 Ne5 20. Ke2 Rd6
21. Qb1 Rfd8 22. Ne4 Bc4+ 23. Bxc4 Qxc4+ 24. Rd3 Qxd3+ 25. Qxd3 Rxd3 26. Nxf6+
Kf8 27. Ne4 f5 28. Nxc5 Rd2+ 0-1

[Event "Open de Rouen 2009"]
[Site "Rouen"]
[Date "2009.12.21"]
[Round "5.1"]
[White "Seret, Jean Luc"]
[Black "Marholev, Dimitar"]
[Result "1/2-1/2"]
[WhiteElo "2384"]
[BlackElo "2417"]
[PlyCount "141"]
[EventDate "2009.12.??"]
[EventType "swiss"]
[EventRounds "7"]
[EventCountry "FRA"]

1. e4 e5 2. Nf3 Nc6 3. Be2 Nf6 4. d3 h6 5. O-O d6 6. h3 g6 7. c4 Bg7 8. Be3 O-O
9. Qd2 Kh7 10. Nc3 Nd7 11. d4 f5 12. exf5 gxf5 13. dxe5 dxe5 14. Rad1 e4 15.
Nd4 Nxd4 16. Bxd4 Bxd4 17. Qxd4 Qf6 18. f3 Qxd4+ 19. Rxd4 exf3 20. Bxf3 Ne5 21.
Re1 c5 22. Rd5 Nxf3+ 23. gxf3 Rg8+ 24. Kf2 b6 25. Re7+ Rg7 26. Rxg7+ Kxg7 27.
Rd8 Kf6 28. Nd5+ Ke5 29. Ke3 f4+ 30. Nxf4 Bb7 31. Nd3+ Kf5 32. Rxa8 Bxa8 33. h4
Bb7 34. Nf2 Bc8 35. Ng4 h5 36. Nf2 Be6 37. b3 a5 38. a4 Ke5 39. Nd3+ Kf5 40.
Nf4 Bf7 41. Ne2 Bg6 42. Nc3 Ke5 43. Ne4 Bf5 44. f4+ Ke6 45. Nc3 Bc2 46. Nd5
Bxb3 47. Nxb6 Kf5 48. Nd7 Bxc4 49. Nxc5 Kg4 50. Ke4 Ba2 51. Ke5 Kxh4 52. f5 Kg5
53. Ne6+ Kh6 54. Kd6 Kh7 55. Ke7 Kg8 56. Ng5 h4 57. f6 Bb3 58. f7+ Bxf7 59.
Nxf7 h3 60. Nh6+ Kg7 61. Ng4 Kg6 62. Ke6 Kg5 63. Nf2 Kh4 64. Kd5 h2 65. Ke4 Kg3
66. Ke3 Kg2 67. Ke2 Kg3 68. Nh1+ Kg2 69. Nf2 Kg3 70. Nh1+ Kg2 71. Nf2 1/2-1/2

[Event "Open de Rouen 2009"]
[Site "Rouen"]
[Date "2009.12.21"]
[Round "5.4"]
[White "Medghoul, Sherif"]
[Black "Tirard, Hugo"]
[Result "0-1"]
[WhiteElo "2232"]
[BlackElo "2444"]
[PlyCount "156"]
[EventDate "2009.12.??"]
[EventType "swiss"]
[EventRounds "7"]
[EventCountry "FRA"]

1. d4 Nf6 2. c4 c5 3. d5 b5 4. cxb5 a6 5. bxa6 Bxa6 6. g3 d6 7. Bg2 g6 8. Nc3
Bg7 9. Rb1 Nbd7 10. Nh3 O-O 11. O-O Qa5 12. Qc2 Rfb8 13. Rd1 Ne8 14. Bd2 c4 15.
Qe4 Ne5 16. Qh4 Nf6 17. Ng5 h5 18. Be3 Nfg4 19. Bd4 Nh6 20. Bh3 Bc8 21. Bxe5
Bxe5 22. Qxc4 Bxh3 23. Nxh3 Rb4 24. Qd3 Rab8 25. Qc2 Nf5 26. e3 Qc5 27. Nf4
Bxf4 28. exf4 Qc8 29. Qe2 h4 30. Ne4 Nd4 31. Qd3 Qg4 32. Ng5 hxg3 33. hxg3 Ne2+
34. Kf1 Rxb2 35. Rxb2 Rxb2 36. Rd2 Nc1 37. Qc3 Rxd2 38. Qxd2 Qc8 39. Kg2 Qc4
40. Qa5 Kg7 41. a4 Nd3 42. Qb5 Qd4 43. Nh3 Nc5 44. a5 Qxd5+ 45. Kh2 Qa8 46. Ng5
f6 47. Nh3 Kf7 48. Ng1 Qa7 49. Kg2 e6 50. Ne2 Qa8+ 51. f3 Qa6 52. Nc3 Ke7 53.
Qb8 Qxa5 54. Nb5 Qd2+ 55. Kh3 Qd1 56. Kh2 Nd7 57. Qb7 Qc2+ 58. Kg1 Qc5+ 59. Kg2
Qb6 60. Qxb6 Nxb6 61. Kf2 Nc4 62. Ke2 d5 63. Kd3 Nd6 64. Nc3 Kd7 65. Nd1 Nf5
66. g4 Nh4 67. Ke2 Ng2 68. f5 exf5 69. gxf5 g5 70. Nf2 Nh4 71. Ng4 Ke7 72. Ne3
d4 73. Nd5+ Kf7 74. f4 g4 75. Kd3 g3 76. Ke2 d3+ 77. Kf1 d2 78. Ne3 Nxf5 0-1

[Event "Open de Rouen 2009"]
[Site "Rouen"]
[Date "2009.12.21"]
[Round "5.5"]
[White "Colin, Vincent"]
[Black "Adyel, Samir"]
[Result "1-0"]
[WhiteElo "2441"]
[BlackElo "2149"]
[PlyCount "31"]
[EventDate "2009.12.??"]
[EventType "swiss"]
[EventRounds "7"]
[EventCountry "FRA"]

1. e4 c6 2. d4 d5 3. exd5 cxd5 4. c4 Nf6 5. Nc3 Nc6 6. Bg5 Be6 7. Bxf6 gxf6 8.
Qh5 f5 9. O-O-O Qd7 10. g4 O-O-O 11. gxf5 Bxf5 12. cxd5 e6 13. dxc6 Qxc6 14. d5
Qc7 15. Bd3 Ba3 16. Nge2 1-0

[Event "Open de Rouen 2009"]
[Site "Rouen"]
[Date "2009.12.21"]
[Round "5.6"]
[White "Hure, Damien"]
[Black "Shirazi, Kamran "]
[Result "0-1"]
[WhiteElo "2167"]
[BlackElo "2433"]
[PlyCount "72"]
[EventDate "2009.12.??"]
[EventType "swiss"]
[EventRounds "7"]
[EventCountry "FRA"]

1. e4 c5 2. Nc3 Nf6 3. e5 Ng8 4. Nf3 Nc6 5. Bc4 Qc7 6. Qe2 e6 7. O-O a6 8. a4
Nge7 9. d3 Ng6 10. Re1 Be7 11. Qe4 b6 12. Bf4 Bb7 13. Qe3 Nd4 14. Rac1 Nf5 15.
Qd2 Bxf3 16. gxf3 Nfh4 17. Qe3 Nxf4 18. Qxf4 f5 19. Kf1 Qb7 20. Red1 Qxf3 21.
Qg3 O-O 22. Nd5 Bd8 23. Nxb6 Bxb6 24. Qxh4 Bc7 25. Qg3 Qxg3 26. hxg3 Bxe5 27.
c3 f4 28. d4 cxd4 29. cxd4 Bd6 30. d5 e5 31. g4 f3 32. Bd3 Rfb8 33. Bf5 Ra7 34.
Rd3 g6 35. Be4 Rb4 36. Bxf3 e4 0-1

[Event "Open de Rouen 2009"]
[Site "Rouen"]
[Date "2009.12.21"]
[Round "5.7"]
[White "Cita, Mickael"]
[Black "Bergez, Luc"]
[Result "0-1"]
[WhiteElo "1945"]
[BlackElo "2382"]
[PlyCount "56"]
[EventDate "2009.12.??"]
[EventType "swiss"]
[EventRounds "7"]
[EventCountry "FRA"]

1. e4 d5 2. exd5 Nf6 3. d4 Nxd5 4. c4 Nb6 5. Nf3 Bg4 6. Be3 e5 7. Be2 Bb4+ 8.
Nc3 exd4 9. Qxd4 Qxd4 10. Bxd4 O-O 11. O-O Nc6 12. Be3 Be6 13. c5 Nc4 14. Ne4
Nxe3 15. fxe3 Bd5 16. a3 Bxe4 17. axb4 Nxb4 18. Ra4 a5 19. Nd4 b6 20. Rf4 Bd5
21. cxb6 cxb6 22. Bb5 Rac8 23. Nf5 Rc1+ 24. Rf1 Rxf1+ 25. Kxf1 Be6 26. Nd4 Rc8
27. Ra1 Nc2 28. Rd1 Nxe3+ 0-1

[Event "Open de Rouen 2009"]
[Site "Rouen"]
[Date "2009.12.21"]
[Round "5.8"]
[White "Aknouche, Abdesslem"]
[Black "Gervais, Victor"]
[Result "0-1"]
[WhiteElo "1680"]
[BlackElo "2313"]
[PlyCount "70"]
[EventDate "2009.12.??"]
[EventType "swiss"]
[EventRounds "7"]
[EventCountry "FRA"]

1. d4 Nf6 2. Nf3 d6 3. e3 g6 4. c3 Nbd7 5. Nbd2 Bg7 6. e4 O-O 7. Be2 Re8 8. O-O
e5 9. Qc2 exd4 10. cxd4 c5 11. d5 Nxd5 12. Nc4 Nb4 13. Qb3 Nf6 14. Ng5 Nxe4 15.
Nxf7 Qe7 16. Nfxd6 Nxd6 17. Nxd6+ Be6 18. Qg3 Red8 19. Bf4 g5 20. Be5 Bxe5 21.
Qxe5 Rxd6 22. Qxc5 Rd7 23. Qc3 Nc6 24. Rfe1 Qg7 25. Qe3 Bf7 26. Bf3 Re8 27. Qc5
Rxe1+ 28. Rxe1 Qf6 29. a3 Re7 30. Rd1 Qe5 31. Qc1 Nd4 32. Kf1 Nxf3 33. gxf3 h6
34. Re1 Qxe1+ 35. Qxe1 Bc4+ 0-1

[Event "Open de Rouen 2009"]
[Site "Rouen"]
[Date "2009.12.21"]
[Round "5.9"]
[White "Delaruelle, Christian"]
[Black "Libiszewski, Fabien"]
[Result "0-1"]
[WhiteElo "1885"]
[BlackElo "2518"]
[PlyCount "38"]
[EventDate "2009.12.??"]
[EventType "swiss"]
[EventRounds "7"]
[EventCountry "FRA"]

1. e4 c5 2. Nf3 Nc6 3. c3 Nf6 4. e5 Nd5 5. d4 cxd4 6. cxd4 d6 7. Be2 dxe5 8.
dxe5 Bg4 9. O-O e6 10. Qa4 Bb4 11. Rd1 Qa5 12. Qxa5 Bxa5 13. Bd2 Bxd2 14. Rxd2
O-O-O 15. Na3 Nf4 16. Rxd8+ Rxd8 17. Bb5 Bxf3 18. gxf3 Nxe5 19. Rc1+ Kb8 0-1

[Event "Open de Rouen 2009"]
[Site "Rouen"]
[Date "2009.12.22"]
[Round "6"]
[White "Ashanina, Olga"]
[Black "Medghoul, Sherif"]
[Result "1-0"]
[WhiteElo "1980"]
[BlackElo "2232"]
[PlyCount "113"]
[EventDate "2009.12.??"]
[EventType "swiss"]
[EventRounds "7"]
[EventCountry "FRA"]

1. e4 e6 2. d3 d5 3. Nd2 Nf6 4. g3 Nc6 5. Bg2 dxe4 6. Nxe4 Nxe4 7. Bxe4 e5 8.
Be3 Be6 9. Ne2 Bd5 10. O-O Be7 11. Nc3 Be6 12. Na4 f5 13. Bg2 Bd5 14. Bh3 Nd4
15. Bxd4 exd4 16. c4 Bc6 17. Bxf5 O-O 18. Be4 Bxe4 19. dxe4 c6 20. Qd3 Qa5 21.
b3 Rad8 22. Nb2 Qc3 23. Qxc3 dxc3 24. Nd1 Rf3 25. Ne3 Bc5 26. Kg2 Rdf8 27. Nf5
Rd3 28. Rad1 Rfd8 29. Rxd3 Rxd3 30. Rc1 g6 31. Ne3 Bxe3 32. fxe3 b5 33. cxb5
cxb5 34. b4 Kf7 35. Kf3 Ke6 36. h4 Ke5 37. Rc2 a5 38. a3 a4 39. g4 h6 40. g5 h5
41. Rc1 Ke6 42. Kf4 Kd6 43. Rc2 Ke6 44. Rc1 Kd7 45. e5 c2 46. Rxc2 Rxa3 47.
Rd2+ Ke7 48. Rd5 Rc3 49. Rxb5 Rc4+ 50. e4 Rc1 51. Rb7+ Ke6 52. Rb6+ Ke7 53. e6
a3 54. Ra6 Rb1 55. Ke5 Rxb4 56. Ra7+ Kd8 57. Rxa3 1-0

[Event "Open de Rouen 2009"]
[Site "Rouen"]
[Date "2009.12.22"]
[Round "6"]
[White "Gervais, Victor"]
[Black "Okhotnik, Vladimir"]
[Result "0-1"]
[WhiteElo "2313"]
[BlackElo "2463"]
[PlyCount "50"]
[EventDate "2009.12.??"]
[EventType "swiss"]
[EventRounds "7"]
[EventCountry "FRA"]

1. d4 g6 2. Nf3 Bg7 3. e4 d6 4. h3 Nf6 5. Bd3 O-O 6. Bg5 c5 7. c3 cxd4 8. cxd4
Qb6 9. Qd2 Nc6 10. Be3 Nb4 11. b3 d5 12. Nc3 Nxd3+ 13. Qxd3 dxe4 14. Nxe4 Nxe4
15. Qxe4 Bf5 16. Qf4 Qa6 17. Nd2 Rac8 18. f3 Rfd8 19. Nc4 Rxc4 20. bxc4 e5 21.
Qh4 exd4 22. Kf2 dxe3+ 23. Kg3 Be5+ 24. Qf4 Bxf4+ 25. Kh4 Qf6# 0-1

[Event "Open de Rouen 2009"]
[Site "Rouen"]
[Date "2009.12.22"]
[Round "6"]
[White "Bergez, Luc"]
[Black "Colin, Vincent"]
[Result "1/2-1/2"]
[WhiteElo "2382"]
[BlackElo "2441"]
[PlyCount "106"]
[EventDate "2009.12.??"]
[EventType "swiss"]
[EventRounds "7"]
[EventCountry "FRA"]

1. e4 c5 2. Nf3 Nc6 3. c3 d5 4. exd5 Qxd5 5. d4 Bg4 6. Be2 e6 7. h3 Bh5 8. O-O
Nf6 9. Be3 cxd4 10. cxd4 Be7 11. Nc3 Qd6 12. a3 O-O 13. Qb3 Rfd8 14. Rad1 Rac8
15. Rd2 Qc7 16. d5 Na5 17. Qb5 Bxf3 18. gxf3 Bc5 19. d6 Bxd6 20. Kh1 Nc6 21.
Rg1 Be7 22. Bd3 Qa5 23. Qxb7 Rc7 24. Qb5 Qxb5 25. Nxb5 Rb7 26. Rc1 Na5 27. Be4
Nd5 28. Bxd5 exd5 29. Rc7 Rxc7 30. Nxc7 Nc4 31. Rxd5 Nxb2 32. Rb5 Nc4 33. a4
Nxe3 34. fxe3 Rd1+ 35. Kg2 g6 36. Nd5 Bh4 37. f4 f5 38. Kf3 Rd2 39. e4 Rd4 40.
exf5 gxf5 41. a5 a6 42. Rc5 Rd2 43. Nc7 Rf2+ 44. Ke3 Rh2 45. Rxf5 Rxh3+ 46. Ke4
Ra3 47. Ne6 Be7 48. Nd4 Bd8 49. Nc6 Bc7 50. Rg5+ Kf8 51. Rf5+ Kg8 52. Rg5+ Kf8
53. Rf5+ Kg8 1/2-1/2

[Event "Open de Rouen 2009"]
[Site "Rouen"]
[Date "2009.12.22"]
[Round "6"]
[White "Marholev, Dimitar"]
[Black "Tirard, Hugo"]
[Result "1-0"]
[WhiteElo "2417"]
[BlackElo "2444"]
[PlyCount "38"]
[EventDate "2009.12.??"]
[EventType "swiss"]
[EventRounds "7"]
[EventCountry "FRA"]

1. e4 c5 2. Nc3 Nc6 3. Bb5 Nd4 4. Bc4 e6 5. Nge2 Nf6 6. O-O a6 7. Nxd4 cxd4 8.
Ne2 b5 9. Bd3 Bb7 10. Nxd4 Nxe4 11. Be2 Qf6 12. Nb3 Rc8 13. Bf3 d5 14. d3 Nd6
15. c3 Be7 16. Qe2 Nf5 17. d4 O-O 18. a3 Bd6 19. Bf4 g6 1-0

[Event "Open de Rouen 2009"]
[Site "Rouen"]
[Date "2009.12.22"]
[Round "6"]
[White "Milchev, Nikolay"]
[Black "Shirazi, Kamran "]
[Result "1-0"]
[WhiteElo "2361"]
[BlackElo "2433"]
[PlyCount "22"]
[EventDate "2009.12.??"]
[EventType "swiss"]
[EventRounds "7"]
[EventCountry "FRA"]

1. d4 Nf6 2. Nf3 d6 3. c4 g6 4. Nc3 Bf5 5. h3 Ne4 6. Nxe4 Bxe4 7. Ng5 Bf5 8. e4
Bd7 9. Be2 Bg7 10. Be3 e5 11. d5 c6 1-0

[Event "Open de Rouen 2009"]
[Site "Rouen"]
[Date "2009.12.22"]
[Round "7"]
[White "Goy, Wilfried"]
[Black "Gervais, Victor"]
[Result "0-1"]
[WhiteElo "1934"]
[BlackElo "2313"]
[PlyCount "142"]
[EventDate "2009.12.??"]
[EventType "swiss"]
[EventRounds "7"]
[EventCountry "FRA"]

1. e4 d6 2. d4 f5 3. Nc3 Nf6 4. Bd3 e6 5. Be3 fxe4 6. Nxe4 Nxe4 7. Bxe4 Qh4 8.
Qd3 d5 9. Bf3 Bd6 10. O-O-O O-O 11. g3 Qe7 12. h4 Nd7 13. g4 c6 14. Be2 e5 15.
Nh3 e4 16. Qd2 b6 17. Kb1 a5 18. Nf4 Qf7 19. Nh3 Ba6 20. g5 Bxe2 21. Qxe2 Qf3
22. Qd2 b5 23. g6 hxg6 24. Ng5 Qh5 25. Rdg1 Nb6 26. Rg2 Bb4 27. Qc1 Nc4 28. Ne6
Rf6 29. Nf4 Rxf4 30. Bxf4 Rf8 31. Be3 Rf6 32. Rg5 Qf3 33. Rd1 Nxe3 34. Qxe3
Qxf2 35. Qxf2 Rxf2 36. Rxg6 e3 37. c3 e2 38. Re1 Kf7 39. Rgg1 Be7 40. Rh1 Kg6
41. h5+ Kf5 42. h6 gxh6 43. Kc2 Bg5 44. Kd3 Rf3+ 45. Kxe2 Ke4 46. Rd1 b4 47.
Rhg1 bxc3 48. Rg4+ Bf4 49. bxc3 Re3+ 50. Kf2 Rxc3 51. Rg8 Rc2+ 52. Ke1 Kf3 53.
Re8 Rc3 54. Kf1 a4 55. Re6 h5 56. Re2 Bg3 57. Red2 Ke3 58. Re2+ Kf3 59. Red2
Ke4 60. Re2+ Kf4 61. Kg2 h4 62. Re8 Rc2+ 63. Kg1 Kg4 64. Re6 a3 65. Kh1 Rh2+
66. Kg1 Rc2 67. Kh1 Kh3 68. Rg6 Rxa2 69. Rxc6 Rh2+ 70. Kg1 a2 71. Kf1 Rh1+ 0-1

[Event "Open de Rouen 2009"]
[Site "Rouen"]
[Date "2009.12.22"]
[Round "7"]
[White "Lefebvre, Richard"]
[Black "Adyel, Samir"]
[Result "0-1"]
[WhiteElo "1860"]
[BlackElo "2149"]
[PlyCount "64"]
[EventDate "2009.12.??"]
[EventType "swiss"]
[EventRounds "7"]
[EventCountry "FRA"]

1. c4 c6 2. d4 d6 3. e4 Nf6 4. Nc3 g6 5. Nf3 Bg7 6. Be3 Nbd7 7. Qd2 Ng4 8. Bg5
h6 9. Bf4 e5 10. dxe5 dxe5 11. Bg3 Qc7 12. h3 Ngf6 13. Nd4 O-O 14. O-O-O Nc5
15. Qe3 Rd8 16. Nc2 Rxd1+ 17. Kxd1 Ne6 18. Be2 Nf4 19. Bf1 Be6 20. Bh2 h5 21.
Bg1 Rd8+ 22. Ke1 Bxc4 23. g3 Nd3+ 24. Bxd3 Rxd3 25. Qc5 b5 26. Nb4 Nd7 27. Qxc6
Qxc6 28. Nxc6 Bh6 29. f4 exf4 30. gxf4 Bxf4 31. Nb4 Bg3+ 32. Kf1 Rd2+ 0-1

[Event "Open de Rouen 2009"]
[Site "Rouen"]
[Date "2009.12.22"]
[Round "7"]
[White "Hervais, Adrien"]
[Black "Vaugeois, Cyrille"]
[Result "0-1"]
[WhiteElo "2035"]
[BlackElo "2177"]
[PlyCount "52"]
[EventDate "2009.12.??"]
[EventType "swiss"]
[EventRounds "7"]
[EventCountry "FRA"]

1. e4 c5 2. Nf3 e6 3. d3 Nc6 4. Nbd2 d6 5. g3 g6 6. Bg2 Bg7 7. c3 Nge7 8. O-O
O-O 9. Nh4 b5 10. Nb3 a5 11. a4 Qb6 12. Be3 bxa4 13. Rxa4 Rb8 14. Ra3 Ba6 15.
Nf3 Qb5 16. Ne1 a4 17. Nd2 Qxb2 18. Rxa4 Bb5 19. Ra1 Qxc3 20. Rc1 Qa5 21. Nb3
Qa6 22. Rb1 Ba4 23. Nf3 Na5 24. Nfd2 Nxb3 25. Nxb3 Nc6 26. Bd2 Qxd3 0-1

[Event "Open de Rouen 2009"]
[Site "Rouen"]
[Date "2009.12.22"]
[Round "7"]
[White "Mladenov, Plamen"]
[Black "Ashanina, Olga"]
[Result "1-0"]
[WhiteElo "2402"]
[BlackElo "1980"]
[PlyCount "83"]
[EventDate "2009.12.??"]
[EventType "swiss"]
[EventRounds "7"]
[EventCountry "FRA"]

1. d4 Nf6 2. Bg5 e6 3. e4 Be7 4. Nd2 d5 5. e5 Nfd7 6. Bxe7 Qxe7 7. Ngf3 c5 8.
c3 Nc6 9. Bd3 cxd4 10. cxd4 Qb4 11. Qb3 a5 12. Qxb4 Nxb4 13. Bb1 b6 14. a3 Nc6
15. Bd3 Ba6 16. Ke2 Ke7 17. Bxa6 Rxa6 18. Rhc1 Rc8 19. Rc2 Ra7 20. Rac1 Rac7
21. b4 axb4 22. axb4 Kd8 23. b5 Na7 24. Rxc7 Rxc7 25. Rxc7 Kxc7 26. Ng5 h6 27.
Nxf7 Nxb5 28. Kd3 Nf8 29. f4 Ng6 30. g3 Ne7 31. h4 Nc6 32. Nb3 Na5 33. Nd2 Na3
34. g4 N3c4 35. Nxh6 Nxd2 36. Kxd2 Kd7 37. Nf7 Nc4+ 38. Kc3 Ke7 39. Nd6 Nxd6
40. exd6+ Kxd6 41. h5 Ke7 42. g5 1-0

[Event "Open de Rouen 2009"]
[Site "Rouen"]
[Date "2009.12.22"]
[Round "7"]
[White "Shirazi, Kamran "]
[Black "Koch, Alain"]
[Result "1-0"]
[WhiteElo "2433"]
[BlackElo "1994"]
[PlyCount "44"]
[EventDate "2009.12.??"]
[EventType "swiss"]
[EventRounds "7"]
[EventCountry "FRA"]

1. e4 e5 2. f4 exf4 3. Nc3 Qh4+ 4. Ke2 c6 5. Nf3 Qe7 6. Kf2 Nf6 7. d4 Ng4+ 8.
Kg1 Ne3 9. Bxe3 fxe3 10. Qd3 g6 11. Qxe3 Bg7 12. h4 h5 13. Re1 d6 14. Bc4 Bh6
15. Qf2 O-O 16. Qg3 Kg7 17. Bd3 Bg4 18. Ne2 Nd7 19. e5 Bxf3 20. gxf3 Qe6 21. f4
Qg4 22. Qxg4 hxg4 1-0

[Event "Open de Rouen 2009"]
[Site "Rouen"]
[Date "2009.12.22"]
[Round "7"]
[White "Tirard, Hugo"]
[Black "Reinert, Stephane"]
[Result "1-0"]
[WhiteElo "2444"]
[BlackElo "2096"]
[PlyCount "41"]
[EventDate "2009.12.??"]
[EventType "swiss"]
[EventRounds "7"]
[EventCountry "FRA"]

1. e4 d5 2. exd5 Qxd5 3. Nc3 Qd6 4. d4 Nf6 5. Nf3 a6 6. g3 Bg4 7. Bg2 Nc6 8.
Be3 O-O-O 9. h3 Bxf3 10. Qxf3 e5 11. O-O-O Be7 12. d5 Nb8 13. g4 Rdf8 14. g5
Nfd7 15. Ne4 Qb4 16. a3 Qb5 17. Nc3 Qa5 18. d6 Bxd6 19. Qxb7+ Kd8 20. Rd5 Bc5
21. Bxc5 1-0

[Event "Open de Rouen 2009"]
[Site "Rouen"]
[Date "2009.12.22"]
[Round "7"]
[White "Colin, Vincent"]
[Black "Libiszewski, Fabien"]
[Result "1/2-1/2"]
[WhiteElo "2441"]
[BlackElo "2518"]
[PlyCount "116"]
[EventDate "2009.12.??"]
[EventType "swiss"]
[EventRounds "7"]
[EventCountry "FRA"]

1. c4 e5 2. g3 Nf6 3. Bg2 c6 4. d4 Bb4+ 5. Bd2 Bxd2+ 6. Qxd2 d6 7. Nc3 O-O 8.
e3 Re8 9. Nge2 e4 10. h3 d5 11. cxd5 cxd5 12. O-O Na6 13. f4 h5 14. f5 Qd6 15.
Nf4 Nc7 16. Qe2 Bxf5 17. Nxh5 Nxh5 18. Qxh5 Bg6 19. Qg5 Ne6 20. Qg4 Bh7 21. h4
f5 22. Qh3 Rf8 23. Rf2 Rf6 24. Ne2 Rc8 25. g4 f4 26. g5 fxe3 27. Rxf6 gxf6 28.
gxf6 Kf7 29. Qxe3 Rg8 30. Qh6 Bf5 31. Rf1 Bh3 32. Qh7+ Kf8 33. Qh6+ Kf7 34. Rf2
Rxg2+ 35. Rxg2 Bxg2 36. Kxg2 Qd8 37. Nc3 Qg8+ 38. Kh3 Nxd4 39. Qh5+ Kxf6 40.
Nxd5+ Ke6 41. Ne3 Kd6 42. Qg4 Qxa2 43. Qxe4 Qe6+ 44. Qxe6+ Kxe6 45. Kg4 Kf6 46.
Kf4 Kg6 47. Ke4 Nb3 48. Kd5 Kh5 49. Nf5 Kg4 50. Nd6 Na5 51. Kc5 Kxh4 52. Kb5
Nc6 53. Nxb7 Nb8 54. Na5 Kg4 55. Nc6 Nxc6 56. Kxc6 Kf4 57. Kb7 Ke4 58. Kxa7 Kd4
1/2-1/2

[Event "Open de Rouen 2009"]
[Site "Rouen"]
[Date "2009.12.22"]
[Round "7"]
[White "Okhotnik, Vladimir"]
[Black "Bergez, Luc"]
[Result "1-0"]
[WhiteElo "2463"]
[BlackElo "2382"]
[PlyCount "43"]
[EventDate "2009.12.??"]
[EventType "swiss"]
[EventRounds "7"]
[EventCountry "FRA"]

1. e4 d5 2. exd5 Nf6 3. d4 Nxd5 4. Nf3 Bf5 5. Bd3 Bxd3 6. Qxd3 Nd7 7. O-O g6 8.
c4 N5f6 9. Re1 Bg7 10. Qe2 Nb6 11. c5 Nbd7 12. Nc3 e6 13. d5 Nxc5 14. Qc4 Qe7
15. Be3 Nfd7 16. dxe6 Nxe6 17. Nd5 Qd8 18. Bg5 Nf6 19. Nxc7+ Kf8 20. Rxe6 Rc8
21. Qb4+ Kg8 22. Re8+ 1-0

[Event "GAP 2009"]
[Site "Gap"]
[Date "2009.04.26"]
[Round "1"]
[White "Piankov, Evgenij"]
[Black "Scouptes, Christian"]
[Result "1-0"]
[WhiteElo "2345"]
[BlackElo "1612"]
[PlyCount "57"]
[EventDate "2009.04.??"]
[EventType "swiss"]
[EventRounds "7"]
[EventCountry "FRA"]

1. d4 Nf6 2. Nf3 g6 3. c4 Bg7 4. Nc3 O-O 5. g3 c6 6. Bg2 d6 7. O-O Nbd7 8. e4
e5 9. dxe5 Nxe5 10. Nxe5 dxe5 11. b3 Bg4 12. Qc2 Qe7 13. h3 Be6 14. a4 Rad8 15.
Ba3 c5 16. Nd5 Bxd5 17. cxd5 b6 18. Rfd1 Qd6 19. Qc4 Nd7 20. a5 Rc8 21. Bb2
Rfe8 22. Qb5 Rc7 23. axb6 axb6 24. Ra6 Rb8 25. Rda1 h5 26. Bf1 Rcb7 27. Ra7 Kh7
28. Qc6 Qc7 29. Qxc7 1-0

[Event "GAP 2009"]
[Site "Gap"]
[Date "2009.04.26"]
[Round "1"]
[White "Doncea, Vladimir"]
[Black "Treguer, Jean Jacques"]
[Result "1-0"]
[WhiteElo "2438"]
[BlackElo "1644"]
[PlyCount "47"]
[EventDate "2009.04.??"]
[EventType "swiss"]
[EventRounds "7"]
[EventCountry "FRA"]

1. d4 Nf6 2. c4 g6 3. Nc3 Bg7 4. Nf3 O-O 5. g3 d6 6. Bg2 Nbd7 7. O-O e5 8. e4
c6 9. h3 Qc7 10. Be3 Re8 11. Re1 Nf8 12. Rc1 Bd7 13. c5 exd4 14. cxd6 Qc8 15.
Bxd4 Bxh3 16. e5 Bxg2 17. Kxg2 Nh5 18. Ng5 Qf5 19. f4 h6 20. Nh3 Ne6 21. Be3
Bxe5 22. fxe5 Qxe5 23. Bd2 Qf5 24. Qf3 1-0

[Event "GAP 2009"]
[Site "Gap"]
[Date "2009.04.26"]
[Round "1"]
[White "Py, Walter"]
[Black "Diot, Jean Marie"]
[Result "1-0"]
[WhiteElo "2115"]
[BlackElo "1590"]
[PlyCount "33"]
[EventDate "2009.04.??"]
[EventType "swiss"]
[EventRounds "7"]
[EventCountry "FRA"]

1. e4 c5 2. Nf3 Nc6 3. d4 cxd4 4. Nxd4 g6 5. Nc3 Bg7 6. Be3 a6 7. Be2 Nf6 8.
O-O O-O 9. f4 Nxd4 10. Bxd4 d6 11. Bf3 Rb8 12. Qd2 Bg4 13. Bxf6 Bxf3 14. Bxg7
Bxg2 15. Bxf8 Bxf1 16. Bxe7 Qxe7 17. Rxf1 1-0